Stations du RER E sur une carte - Statistiques

Statistiques générales
  • Ce quiz a été pris 743 fois
  • Le résultat moyen est 19 sur 25
Réponses sur la Carte
Les réponses sont colorées sur une échelle allant du rouge au vert en fonction du pourcentage des utilisateurs qui les ont devinées à leur premier essai. Vous pouvez retrouver ces pourcentages ci-dessous.
 
Statistiques - réponses
Station % Correct
Haussmann
96%
Magenta
96%
La Défense
92%
Nanterre-La Folie
92%
Rosa-Parks
91%
Chelles - Gournay
87%
Pantin
85%
Neuilly - Porte Maillot
83%
Val de Fontenay
83%
Tournan
82%
Bondy
79%
Noisy-le-Sec
79%
Rosny-sous-Bois
76%
Rosny-Bois-Perrier
75%
Le Raincy - Villemomble - Montfermeil
69%
Gagny
67%
Le Chénay-Gagny
67%
Villiers-sur-Marne - Le Plessis-Trévise
67%
Nogent - Le Perreux
66%
Les Boullereaux-Champigny
63%
Les Yvris-Noisy-le-Grand
62%
Émerainville - Pontault-Combault
61%
Ozoir-la-Ferrière
53%
Roissy-en-Brie
51%
Gretz-Armainvilliers
50%
Aucun quiz correspondant
Distribution des résultats
% des personnes avec chaque résultat
Percentile par nombre de réponses
Votre historique - résultats
Vous n’avez pas pris ce quiz